00684nam a2200181 i 450000100060000000300090000600500170001500700030003200800410003510000460007624500920012226000440021430000300025870000430028885200320033199900170036395201220038090138ES-MaACL20251118153124.0t|050118s1969 sp ||||1| spa d1 aLe Folcalvez, Françoise, edir.921142710aABC de la cortesía / cFrançoise Le Folcalvez ; [traducción de Alberto Méndez]. a[Barcelona : bMartínez Roca, c1969] a253 p. : bil. ; c23 cm.1 aMéndez, Alberto, d1941-20049138659 aES-MaACLjC-37114 bR.70343 c90138d90138 00104070aATENEOMbATENEOMcDEPO2d2008-01-17eSCl0oC-37114p1094131r2023-02-23 00:00:00w2023-02-23yMONOGRAFIA